|
|
|
|
| LEADER |
01236nam a2200313 a 4500 |
| 001 |
17656 |
| 003 |
BD-DhAAL |
| 005 |
20150211161906.0 |
| 008 |
140505s1992 nyu b 001 0 eng d |
| 010 |
|
|
|a 91027838
|
| 020 |
|
|
|a 0195073851 (cloth : acidfree paper)
|
| 020 |
|
|
|a 019507386X (paper : acidfree paper)
|
| 040 |
|
|
|a DLC
|c DLC
|d DLC
|d BD-DhAAL
|
| 041 |
|
|
|a eng
|
| 050 |
0 |
0 |
|a HQ1180
|b .R448 1992
|
| 082 |
0 |
0 |
|a 301/.072
|2 20
|
| 100 |
1 |
|
|a Reinharz, Shulamit.
|9 4372
|
| 245 |
1 |
0 |
|a Feminist methods in social research /
|c Shulamit Reinharz with the assistance of Lynn Davidman.
|
| 260 |
|
|
|a New York :
|b Oxford University Press,
|c 1992.
|
| 300 |
|
|
|a viii, 413 p. ;
|c 24 cm.
|
| 504 |
|
|
|a Includes bibliographical references (p. 350-400) and index.
|
| 541 |
|
|
|e 17656
|
| 650 |
|
0 |
|a Women's studies
|x Methodology.
|9 3044
|
| 650 |
|
0 |
|a Feminism
|x Research
|x Methodology.
|9 3045
|
| 650 |
|
0 |
|a Social sciences
|x Research
|x Methodology.
|9 2243
|
| 700 |
1 |
|
|a Davidman, Lynn,
|d 1955-
|9 4373
|
| 942 |
|
|
|2 ddc
|c BK
|
| 999 |
|
|
|c 14315
|d 14315
|
| 952 |
|
|
|0 0
|1 0
|2 ddc
|4 0
|6 301_072000000000000_REI
|7 0
|9 24273
|a BRACUL
|b BRACUL
|c GEN
|d 2014-05-06
|l 0
|o 301.072 REI
|p 3010017656
|r 2014-05-06
|t 1
|w 2014-05-06
|y BK
|x Transferred from ENH to Ayesha Abed library on 20/12/2023
|